[Event "2BLS 1718 OSG Baden Baden II - SC Emmen"]
[Site "?"]
[Date "2018.02.02"]
[Round "6.1"]
[White "Sethuraman, S.P."]
[Black "Gozzoli, Yannick"]
[Result "0-1"]
[WhiteElo "2646"]
[BlackElo "2564"]
[PlyCount "100"]
[EventDate "2018.??.??"]

1. d4 Nf6 2. c4 g6 3. f3 Nc6 4. d5 Ne5 5. e4 d6 6. Nc3 Bg7 7. Be2 O-O 8. f4
Ned7 9. Nh3 Nc5 10. Nf2 e6 11. O-O exd5 12. cxd5 c6 13. dxc6 bxc6 14. Bf3 Rb8
15. Be3 Ba6 16. Re1 Rxb2 17. e5 Nd5 18. Nxd5 cxd5 19. Bxc5 dxc5 20. Bxd5 Rb4
21. Qf3 Rd4 22. Rad1 Qa5 23. Ng4 Rd8 24. Ne3 Bd3 25. f5 Bxe5 26. fxg6 Bxg6 27.
Nf5 Rxd1 28. Rxd1 Kh8 29. Ne7 Qc7 30. Nxg6+ hxg6 31. g3 c4 32. Kg2 c3 33. Bb3
Rd2+ 34. Rxd2 cxd2 35. Qd5 Bc3 36. h4 Qe7 37. Qd3 Bb4 38. Qd4+ Kh7 39. Kh3 Qe1
40. Qd3 Qh1+ 41. Kg4 f5+ 42. Kf4 Kh6 43. Ke5 Qe1+ 44. Kd5 Bc3 45. Qf3 Qe5+ 46.
Kc6 Bb4 47. g4 Qd6+ 48. Kb7 Qd7+ 49. Ka6 Qc8+ 50. Kb5 Qc5+ 0-1

[Event "2BLS 1718 OSG Baden Baden II - SC Emmen"]
[Site "?"]
[Date "2018.02.02"]
[Round "6.3"]
[White "Hera, Imre"]
[Black "Burri, Quentin"]
[Result "1/2-1/2"]
[WhiteElo "2619"]
[BlackElo "2407"]
[PlyCount "98"]
[EventDate "2018.??.??"]

1. d4 d5 2. Bf4 Nf6 3. e3 e6 4. Nf3 Bd6 5. Bg3 O-O 6. c4 c5 7. Nc3 Nc6 8. cxd5
exd5 9. Be2 Bg4 10. dxc5 Bxc5 11. O-O Bb4 12. Bh4 Bxc3 13. bxc3 h6 14. Qb3 g5
15. Bg3 Qe7 16. Rfe1 Rfd8 17. Rab1 b6 18. Qa4 Na5 19. Qb4 Qxb4 20. cxb4 Nc4 21.
Nd4 Bxe2 22. Rxe2 Ne4 23. Rc1 Re8 24. Nf5 Kh7 25. f3 Nf6 26. Kf2 Rac8 27. Rec2
Rcd8 28. b5 Kg6 29. Nd4 Nxe3 30. Rc7 Nc4 31. Rxa7 Ra8 32. Rxa8 Rxa8 33. Rc2 Nd7
34. Nc6 Kf6 35. Nb4 Ke6 36. Na6 Kf5 37. Nc7 Ra5 38. Nxd5 Rxb5 39. Nc3 Ra5 40.
Ne4 Nde5 41. Ke2 Ke6 42. Nd2 Nd6 43. Nb3 Ra8 44. Bf2 b5 45. Kd2 Ndc4+ 46. Ke2
Nd6 47. Bg3 f6 48. Rd2 Ndc4 49. Rc2 Kd5 1/2-1/2

[Event "2BLS 1718 OSG Baden Baden II - SC Emmen"]
[Site "?"]
[Date "2018.02.02"]
[Round "6.4"]
[White "Drabke, Lorenz Maximilian"]
[Black "Baklan, Vladimir"]
[Result "0-1"]
[WhiteElo "2427"]
[BlackElo "2599"]
[PlyCount "50"]
[EventDate "2018.??.??"]

1. e4 e6 2. d3 d5 3. Nd2 Nf6 4. Ngf3 c5 5. g3 g6 6. Bg2 Bg7 7. exd5 Nxd5 8. O-O
Qc7 9. Re1 O-O 10. Ne4 Nd7 11. c4 Ne7 12. Rb1 Nc6 13. a3 b6 14. b4 cxb4 15.
axb4 Bb7 16. d4 a5 17. b5 Nb4 18. Bf4 Qxc4 19. Nd6 Bxf3 20. Bxf3 Qxd4 21. Bxa8
Rxa8 22. Be3 Qd5 23. Qxd5 exd5 24. Bd2 Be5 25. Bf4 Nd3 0-1

[Event "2BLS 1718 OSG Baden Baden II - SC Emmen"]
[Site "?"]
[Date "2018.02.02"]
[Round "6.5"]
[White "Shevchenko, Kirill"]
[Black "Mutschnik, Illya"]
[Result "1-0"]
[WhiteElo "2538"]
[BlackElo "2429"]
[PlyCount "83"]
[EventDate "2018.??.??"]

1. d4 Nf6 2. c4 g6 3. Nc3 Bg7 4. e4 O-O 5. Nf3 d6 6. h3 e5 7. d5 Na6 8. Bg5 h6
9. Be3 Nc5 10. Nd2 a5 11. g4 Nfd7 12. Qc2 Nb6 13. Rg1 c6 14. O-O-O Bd7 15. Nb3
Nxb3+ 16. Qxb3 c5 17. a4 Ra6 18. Qc2 Kh7 19. h4 Qe8 20. b3 Qe7 21. Be2 Bc8 22.
Rh1 Nd7 23. Rdg1 Ra8 24. Bf3 Rh8 25. Ne2 Kg8 26. Ng3 Nf8 27. Qd2 b6 28. Kb1 Ra7
29. Ka2 Rh7 30. Qd1 Rc7 31. g5 h5 32. Bxh5 gxh5 33. Nxh5 Ng6 34. Nf6+ Bxf6 35.
gxf6 Qxf6 36. h5 Kf8 37. hxg6 fxg6 38. Rg3 Rxh1 39. Qxh1 Rf7 40. Rf3 Qxf3 41.
Qh8+ Ke7 42. Bg5+ 1-0

[Event "2BLS 1718 OSG Baden Baden II - SC Emmen"]
[Site "?"]
[Date "2018.02.02"]
[Round "6.6"]
[White "Kaczmarczyk, Dennis"]
[Black "Korpa, Bence"]
[Result "1/2-1/2"]
[WhiteElo "2430"]
[BlackElo "2497"]
[PlyCount "68"]
[EventDate "2018.??.??"]

1. d4 Nf6 2. c4 e6 3. Nf3 d5 4. Nc3 c5 5. cxd5 Nxd5 6. e4 Nxc3 7. bxc3 cxd4 8.
cxd4 Bb4+ 9. Bd2 Bxd2+ 10. Qxd2 O-O 11. Rc1 Nc6 12. Bb5 Ne7 13. O-O b6 14. Rfd1
Bb7 15. Qe3 Rc8 16. Ne5 Qd6 17. f3 Rxc1 18. Rxc1 Rd8 19. a4 Ng6 20. Ng4 a6 21.
Bf1 Bc6 22. d5 Bxa4 23. dxe6 fxe6 24. Bxa6 b5 25. Bb7 h5 26. Nf2 b4 27. Qg5 Nf4
28. Kh1 b3 29. e5 b2 30. Rg1 Qf8 31. Be4 Rd2 32. Nh3 Nxh3 33. Qxd2 Nxg1 34.
Qxb2 Nxf3 1/2-1/2

[Event "2BLS 1718 OSG Baden Baden II - SC Emmen"]
[Site "?"]
[Date "2018.02.02"]
[Round "6.7"]
[White "Sokolov, Andrei"]
[Black "Kachiani-Gersinska, Ketino"]
[Result "1-0"]
[WhiteElo "2490"]
[BlackElo "2337"]
[PlyCount "91"]
[EventDate "2018.??.??"]

1. e4 d6 2. d4 Nf6 3. Nc3 c6 4. Bg5 Nbd7 5. Qd2 h6 6. Be3 Ng4 7. Bf4 e5 8. Bg3
Ngf6 9. Nf3 Nh5 10. Bc4 Be7 11. a4 Bg5 12. Nxg5 Qxg5 13. Ne2 Qxd2+ 14. Kxd2
Ndf6 15. f3 Nxg3 16. hxg3 Ke7 17. a5 Rd8 18. Bd3 Be6 19. c4 d5 20. exd5 cxd5
21. c5 e4 22. Bc2 b6 23. b4 bxc5 24. bxc5 Rab8 25. Rab1 Bf5 26. g4 Bd7 27. Ng3
g6 28. fxe4 dxe4 29. Nxe4 Bc6 30. Nxf6 Rxb1 31. Ng8+ Rxg8 32. Rxb1 Bxg2 33. Bb3
Rd8 34. Kc3 h5 35. gxh5 gxh5 36. Re1+ Kf6 37. Re2 Bc6 38. Rf2+ Kg5 39. Rxf7 h4
40. Be6 Bg2 41. Rg7+ Kf6 42. Rxg2 Kxe6 43. Rg6+ Kd5 44. Rh6 Rg8 45. Rxh4 Kc6
46. Kc4 1-0

[Event "2BLS 1718 OSG Baden Baden II - SC Emmen"]
[Site "?"]
[Date "2018.02.02"]
[Round "6.8"]
[White "Dinger, Florian"]
[Black "Lodici, Lorenzo"]
[Result "0-1"]
[WhiteElo "2311"]
[BlackElo "2427"]
[PlyCount "72"]
[EventDate "2018.??.??"]

1. e4 e5 2. Nf3 Nc6 3. Bb5 a6 4. Bxc6 dxc6 5. O-O Bd6 6. d4 exd4 7. Qxd4 f6 8.
Be3 Ne7 9. Nbd2 Be6 10. Qc3 Qd7 11. Nc4 Bxc4 12. Qxc4 Ng6 13. Nd4 Ne5 14. Qb3
O-O-O 15. Ne6 Rde8 16. Nc5 Bxc5 17. Bxc5 b6 18. Rad1 Qf7 19. Bd4 Nc4 20. Qh3+
Qe6 21. Qxe6+ Rxe6 22. b3 Nd6 23. f3 c5 24. Bb2 c4 25. Rd5 c6 26. Rd4 Kc7 27.
Rfd1 Rhe8 28. a4 c5 29. Rd5 Kc6 30. Bc1 g5 31. Ba3 cxb3 32. cxb3 f5 33. a5 Nb5
34. Bb2 fxe4 35. fxe4 Rxe4 36. axb6 Nd4 0-1

[Event "2BLS 1718 TSV Schönaich - SC Viernheim"]
[Site "?"]
[Date "2018.02.03"]
[Round "7.1"]
[White "Malakhov, Vladimir"]
[Black "Ivanisevic, Ivan"]
[Result "1/2-1/2"]
[WhiteElo "2692"]
[BlackElo "2573"]
[PlyCount "70"]
[EventDate "2018.??.??"]

1. Nf3 Nf6 2. g3 g6 3. b3 Bg7 4. Bb2 c5 5. c4 d6 6. Bg2 e5 7. O-O Nc6 8. Nc3
O-O 9. d3 Rb8 10. Nd2 a6 11. Nd5 Be6 12. a3 Nh5 13. b4 b5 14. cxb5 axb5 15. Rc1
Ne7 16. e4 cxb4 17. Nxb4 Rc8 18. Rxc8 Qxc8 19. Qa1 Bh6 20. Rc1 Qd7 21. Rc2 Rc8
22. Rxc8+ Nxc8 23. Nf1 Nb6 24. d4 Nc4 25. dxe5 Bg7 26. Nd3 Nxb2 27. Qxb2 Bc4
28. Qd4 Bxd3 29. Qxd3 Bxe5 30. Ne3 Nf6 31. Bf1 Qa7 32. Qxb5 Qxa3 33. Qb7 Qb2
34. Qxb2 Bxb2 35. Nc4 Bd4 1/2-1/2

[Event "2BLS 1718 TSV Schönaich - SC Viernheim"]
[Site "?"]
[Date "2018.02.03"]
[Round "7.2"]
[White "Bosiocic, Marin"]
[Black "Kryvoruchko, Yuriy"]
[Result "0-1"]
[WhiteElo "2627"]
[BlackElo "2693"]
[PlyCount "84"]
[EventDate "2018.??.??"]

1. d4 Nf6 2. c4 e6 3. Nf3 d5 4. g3 dxc4 5. Bg2 c5 6. O-O Nc6 7. Qa4 Bd7 8. Qxc4
b5 9. Qd3 c4 10. Qd1 Rc8 11. b3 Be7 12. bxc4 bxc4 13. Nc3 O-O 14. Bd2 Be8 15.
e3 Nb4 16. Ne5 Nfd5 17. Nxd5 Nxd5 18. e4 Nb6 19. Bc3 Na4 20. Qc2 a5 21. a3 Nxc3
22. Qxc3 Ba4 23. Rfc1 Bb3 24. Bf1 Bf6 25. Nf3 a4 26. e5 Bg5 27. Rcb1 Bh6 28. h4
Qb6 29. g4 Bf4 30. Re1 f6 31. exf6 gxf6 32. Re4 Bc7 33. Bg2 Qa5 34. Qe3 c3 35.
g5 f5 36. Rxe6 Bxe6 37. Qxe6+ Kh8 38. Rc1 Qb6 39. Qe3 Rfe8 40. Qd3 c2 41. Bf1
Qb2 42. Qa6 Bb6 0-1

[Event "2BLS 1718 TSV Schönaich - SC Viernheim"]
[Site "?"]
[Date "2018.02.03"]
[Round "7.3"]
[White "Amin, Bassem"]
[Black "Martinovic, Sasa"]
[Result "1-0"]
[WhiteElo "2688"]
[BlackElo "2604"]
[PlyCount "173"]
[EventDate "2018.??.??"]

1. e4 e6 2. d3 d5 3. Nd2 Nf6 4. Ngf3 Nc6 5. c3 Bd6 6. b4 dxe4 7. dxe4 a5 8. b5
Ne5 9. Nxe5 Bxe5 10. Qc2 Bf4 11. g3 Bxd2+ 12. Bxd2 e5 13. Be3 Qe7 14. f3 Be6
15. c4 c5 16. bxc6 bxc6 17. Rb1 O-O 18. Bd3 Nd7 19. c5 a4 20. O-O f6 21. Rb7
Qf7 22. Rf2 Rfb8 23. Rc7 a3 24. Rxc6 Rb2 25. Qc3 Rxf2 26. Kxf2 Bxa2 27. Ra6
Rxa6 28. Bxa6 Qb3 29. Qxb3+ Bxb3 30. c6 Nf8 31. c7 a2 32. c8=Q a1=Q 33. Bc5 h5
34. Qxf8+ Kh7 35. Bf1 Qb2+ 36. Kg1 Qc1 37. Kf2 Qd2+ 38. Kg1 Qc1 39. Kg2 Bd1 40.
Bf2 Bxf3+ 41. Kxf3 Qxf1 42. h4 Qh1+ 43. Ke3 Qc1+ 44. Ke2 Qc4+ 45. Kf3 Qd3+ 46.
Kg2 Qxe4+ 47. Kh2 Qf3 48. Qc5 Qe4 49. Qc3 Kg6 50. Qd2 Kh7 51. Be3 Qf3 52. Qc2+
Kh8 53. Qf2 Qe4 54. Qe2 Qf5 55. Kg2 Kh7 56. Qf3 Qc2+ 57. Kf1 Kg6 58. Qd5 Qf5+
59. Ke1 Qc2 60. Bd2 Qf5 61. Ke2 Qg4+ 62. Kf2 Qf5+ 63. Ke3 Qh3 64. Be1 Qc8 65.
Qe4+ Kf7 66. Kd3 Qd7+ 67. Kc4 Qa4+ 68. Bb4 Qa6+ 69. Kc3 Qa1+ 70. Kb3 Qg1 71.
Qd5+ Kg6 72. Qd3+ Kf7 73. Qd7+ Kg6 74. Qe8+ Kf5 75. Qxh5+ g5 76. Qf3+ Ke6 77.
Qg4+ Kf7 78. hxg5 Qb1+ 79. Kc3 fxg5 80. Qh5+ Kf6 81. Qh6+ Kf7 82. Qf8+ Kg6 83.
Qe8+ Kf5 84. Qd7+ Kg6 85. Qd3+ Qxd3+ 86. Kxd3 Kf5 87. Bd6 1-0

[Event "2BLS 1718 TSV Schönaich - SC Viernheim"]
[Site "?"]
[Date "2018.02.03"]
[Round "7.4"]
[White "Hirneise, Tobias"]
[Black "Kovalenko, Igor"]
[Result "1/2-1/2"]
[WhiteElo "2461"]
[BlackElo "2643"]
[PlyCount "84"]
[EventDate "2018.??.??"]

1. d4 Nf6 2. c4 e6 3. Nf3 d5 4. e3 Be7 5. b3 O-O 6. Bd3 b6 7. O-O Bb7 8. Bb2
dxc4 9. Bxc4 a6 10. Nbd2 Nbd7 11. Be2 c5 12. dxc5 Nxc5 13. Nc4 Nd5 14. Qd4 Bf6
15. Nce5 a5 16. h4 Qe7 17. Qg4 Rad8 18. Rfd1 Nb4 19. a3 Nc6 20. Nxc6 Bxc6 21.
Bxf6 Qxf6 22. Nd4 Bd7 23. Qg5 e5 24. Nf3 Nxb3 25. Rab1 a4 26. Qxe5 Bf5 27. Qxf6
gxf6 28. Rb2 Be6 29. Nd4 Nxd4 30. Rxd4 Rxd4 31. exd4 Bb3 32. Rd2 Rd8 33. Bb5
Kf8 34. d5 Ke7 35. Rd4 h6 36. Bxa4 Bxa4 37. Re4+ Kd6 38. Rxa4 Kxd5 39. Ra7 Ke6
40. Kh2 f5 41. Ra4 Rd1 42. Kh3 Kf6 1/2-1/2

[Event "2BLS 1718 TSV Schönaich - SC Viernheim"]
[Site "?"]
[Date "2018.02.03"]
[Round "7.5"]
[White "Anton Guijarro, David"]
[Black "Hirneise, Jens"]
[Result "1-0"]
[WhiteElo "2666"]
[BlackElo "2386"]
[PlyCount "95"]
[EventDate "2018.??.??"]

1. Nf3 Nf6 2. g3 g6 3. b3 Bg7 4. Bb2 c5 5. c4 Nc6 6. Bg2 O-O 7. O-O d5 8. cxd5
Nxd5 9. Bxg7 Kxg7 10. d4 cxd4 11. Nxd4 Nxd4 12. Qxd4+ Nf6 13. Qe5 Kg8 14. Nc3
Nd7 15. Qe3 e6 16. Rfd1 Qe7 17. Rac1 Nf6 18. Qg5 Kg7 19. Ne4 e5 20. Rc5 Bf5 21.
Qxf6+ Qxf6 22. Nxf6 Kxf6 23. Bxb7 Rfd8 24. Rdd5 Rab8 25. Kf1 Be6 26. Rxd8 Rxd8
27. Ke1 g5 28. Be4 h5 29. Rc7 Rd4 30. f3 Rd7 31. Rxd7 Bxd7 32. h4 gxh4 33. gxh4
Ke7 34. Bd5 Be8 35. Kd2 Kd6 36. Bc4 f5 37. Kc3 Bg6 38. e3 Be8 39. f4 Bg6 40. b4
Be8 41. a3 Bg6 42. Bg8 Be8 43. Bh7 Ke6 44. Kc4 Bf7 45. Kb5 exf4 46. exf4 Be8+
47. Ka6 Bd7 48. Bg8+ 1-0

[Event "2BLS 1718 TSV Schönaich - SC Viernheim"]
[Site "?"]
[Date "2018.02.03"]
[Round "7.6"]
[White "Menezes, Christoph"]
[Black "Fedorchuk, Sergey"]
[Result "0-1"]
[WhiteElo "2385"]
[BlackElo "2634"]
[PlyCount "74"]
[EventDate "2018.??.??"]

1. Nf3 Nf6 2. c4 b6 3. g3 c5 4. Bg2 Bb7 5. O-O g6 6. Nc3 Bg7 7. d4 cxd4 8. Qxd4
d6 9. Rd1 Nbd7 10. Be3 a6 11. Rac1 Rb8 12. Qh4 h6 13. Ne1 Bxg2 14. Nxg2 Ne5 15.
Nd5 Nfd7 16. Bd4 g5 17. Qe4 O-O 18. f4 Ng6 19. Bxg7 Kxg7 20. f5 Nge5 21. f6+
Nxf6 22. Nxf6 Kxf6 23. Qh7 Ke6 24. Qxh6+ f6 25. Qh3+ Kf7 26. Qh7+ Ke8 27. b4
Rc8 28. Ne3 Qd7 29. c5 bxc5 30. bxc5 Qa7 31. Kf1 Rxc5 32. Nd5 Rf7 33. Qg8+ Kd7
34. Rb1 Ke6 35. Nf4+ gxf4 36. gxf4 Nc4 37. Qg4+ Rf5 0-1

[Event "2BLS 1718 TSV Schönaich - SC Viernheim"]
[Site "?"]
[Date "2018.02.03"]
[Round "7.7"]
[White "Maze, Sebastien"]
[Black "Reck, Moritz"]
[Result "1-0"]
[WhiteElo "2620"]
[BlackElo "2138"]
[PlyCount "49"]
[EventDate "2018.??.??"]

1. e4 e5 2. Nf3 Nc6 3. Nc3 g6 4. d4 exd4 5. Nd5 Bg7 6. Bg5 f6 7. Bh4 d6 8. Nxd4
Nh6 9. Nb5 O-O 10. Nbxc7 Rb8 11. Bc4 Na5 12. Bd3 g5 13. Bg3 f5 14. exf5 Bxb2
15. Rb1 Bc3+ 16. Nxc3 Qxc7 17. Nd5 Qf7 18. Qd2 Qxd5 19. Qxg5+ Kh8 20. Qxh6 Bxf5
21. O-O Bxd3 22. cxd3 Rfd8 23. Qf6+ Kg8 24. Rb4 h5 25. Qg6+ 1-0

[Event "2BLS 1718 TSV Schönaich - SC Viernheim"]
[Site "?"]
[Date "2018.02.03"]
[Round "7.8"]
[White "Kuebler, Marcus"]
[Black "Libiszewski, Fabien"]
[Result "0-1"]
[WhiteElo "1988"]
[BlackElo "2529"]
[PlyCount "58"]
[EventDate "2018.??.??"]

1. e4 g6 2. d4 Bg7 3. Nc3 d6 4. f4 Nf6 5. Nf3 O-O 6. Bc4 Nxe4 7. Nxe4 d5 8. Bd3
dxe4 9. Bxe4 Nd7 10. c3 c5 11. O-O Nf6 12. Bd3 Qc7 13. Qe2 Nd5 14. Ne5 cxd4 15.
cxd4 Qb6 16. Qf2 Be6 17. b3 Rad8 18. Bb2 Nb4 19. Be4 Bd5 20. Qf3 e6 21. Rfd1
Nc6 22. Kh1 Bxe4 23. Qxe4 Rd5 24. Rd3 Rfd8 25. Nc4 Qa6 26. Rh3 Bxd4 27. Bxd4
Rxd4 28. Qe1 Nb4 29. Ne5 Nc2 0-1

[Event "2BLS 1718 SC Böblingen - FB Mörlenbac"]
[Site "?"]
[Date "2018.02.03"]
[Round "7.1"]
[White "Kunin, Vitaly"]
[Black "Gaehwiler, Gabriel"]
[Result "1-0"]
[WhiteElo "2574"]
[BlackElo "2429"]
[PlyCount "87"]
[EventDate "2018.??.??"]

1. d4 Nf6 2. c4 e6 3. Nf3 d5 4. Nc3 c5 5. cxd5 Nxd5 6. e4 Nxc3 7. bxc3 cxd4 8.
cxd4 Bb4+ 9. Bd2 Bxd2+ 10. Qxd2 O-O 11. Be2 b6 12. O-O Bb7 13. Qe3 Nc6 14. Rad1
Rc8 15. Bd3 Nb4 16. Bb1 Ba6 17. Rfe1 Nc2 18. Bxc2 Rxc2 19. d5 exd5 20. exd5 Qd6
21. Nd4 Rc7 22. Nf5 Qf6 23. d6 Rd7 24. Qh3 Kh8 25. Nxg7 Rxd6 26. Qa3 Rdd8 27.
Nh5 Qg5 28. Qc3+ f6 29. h4 Qh6 30. Rxd8 Rxd8 31. Nxf6 Qg7 32. Re3 Rf8 33. Rf3
h6 34. Rf4 Bb7 35. f3 Bc8 36. Qd4 Bh3 37. g4 Rc8 38. Nh5 Qxd4+ 39. Rxd4 b5 40.
Kh2 Bf1 41. Rd7 Rc3 42. Nf6 Bd3 43. f4 Ra3 44. f5 1-0

[Event "2BLS 1718 SC Böblingen - FB Mörlenbac"]
[Site "?"]
[Date "2018.02.03"]
[Round "7.2"]
[White "Kuklin, Valentin"]
[Black "Galdunts, Sergey"]
[Result "1/2-1/2"]
[WhiteElo "2370"]
[BlackElo "2421"]
[PlyCount "118"]
[EventDate "2018.??.??"]

1. e4 e5 2. Nf3 Nc6 3. Bb5 a6 4. Ba4 Nf6 5. O-O Be7 6. Re1 b5 7. Bb3 d6 8. c3
O-O 9. d3 Na5 10. Bc2 c5 11. Nbd2 Nc6 12. Nf1 Re8 13. Ng3 Bf8 14. h3 h6 15. Nh2
d5 16. Qf3 Be6 17. Nf5 Nh7 18. Ng4 Kh8 19. Bb3 dxe4 20. dxe4 Bxb3 21. axb3 Na5
22. c4 bxc4 23. bxc4 Nc6 24. Qd1 Nd4 25. Nge3 g6 26. Ng3 Ng5 27. Nd5 Nge6 28.
Re3 Nf4 29. Rea3 Nxd5 30. cxd5 Qb6 31. Qf1 a5 32. Qc4 Qb4 33. Ra4 Qxc4 34. Rxc4
Reb8 35. Kf1 Nb3 36. Ra2 Rb4 37. Rc3 a4 38. Ke1 Kg7 39. Kd1 Be7 40. f3 Rf8 41.
Nf1 f5 42. exf5 gxf5 43. Nd2 Rd4 44. Ke2 Nxc1+ 45. Rxc1 Bg5 46. Rc2 e4 47. Ra3
Rb8 48. fxe4 fxe4 49. Nc4 Rb4 50. Rac3 Kf6 51. Ne3 Bxe3 52. Kxe3 Rxd5 53. Rxc5
Rxc5 54. Rxc5 Rxb2 55. Ra5 Rxg2 56. Rxa4 Rg3+ 57. Kxe4 Rxh3 58. Ra5 Kg6 59. Kf4
Rb3 1/2-1/2

[Event "2BLS 1718 SC Böblingen - FB Mörlenbac"]
[Site "?"]
[Date "2018.02.03"]
[Round "7.3"]
[White "Dittmar, Peter"]
[Black "Vujic, Branimir"]
[Result "1-0"]
[WhiteElo "2298"]
[BlackElo "2318"]
[PlyCount "99"]
[EventDate "2018.??.??"]

1. e4 d5 2. exd5 Nf6 3. c4 e6 4. d4 exd5 5. Nc3 Bb4 6. Bd3 dxc4 7. Bxc4 O-O 8.
Nge2 Nbd7 9. O-O c6 10. Bg5 Nb6 11. Bb3 h6 12. Bh4 Bf5 13. Ng3 Bh7 14. Nge4 Be7
15. Nc5 Bxc5 16. dxc5 Qxd1 17. Raxd1 Nbd7 18. Bg3 Rfe8 19. Bd6 Bf5 20. Rfe1
Rxe1+ 21. Rxe1 Re8 22. Re7 Rxe7 23. Bxe7 Ne8 24. f4 Nc7 25. Bd6 Ne6 26. Na4 Bd3
27. Bd1 Bb5 28. Nc3 Nexc5 29. Nxb5 cxb5 30. Bf3 b4 31. Bg4 a5 32. Bc7 b6 33.
Kf2 Kf8 34. Ke3 Ke7 35. Bxd7 Nxd7 36. Kd4 Ke6 37. Kc4 Kf5 38. Kd5 a4 39. Kc4 b3
40. axb3 axb3 41. Kxb3 Ke4 42. Kc4 f5 43. b4 Nf6 44. Bxb6 Nd5 45. Bc5 Nxf4 46.
b5 Ne6 47. b6 Nd8 48. Bf8 g5 49. Bxh6 g4 50. g3 1-0

[Event "2BLS 1718 SC Böblingen - FB Mörlenbac"]
[Site "?"]
[Date "2018.02.03"]
[Round "7.4"]
[White "Ortmann, David"]
[Black "Legde, Georg"]
[Result "1-0"]
[WhiteElo "2303"]
[BlackElo "2322"]
[PlyCount "91"]
[EventDate "2018.??.??"]

1. d4 Nf6 2. c4 e6 3. Nc3 Bb4 4. Qc2 O-O 5. Nf3 b6 6. e4 d5 7. cxd5 exd5 8. e5
Ne4 9. Bd3 f5 10. exf6 Qxf6 11. O-O Bxc3 12. bxc3 Bf5 13. Ba3 Nd6 14. Rae1 Nc6
15. Ne5 Na5 16. Bxf5 Qxf5 17. Qa4 Rae8 18. Re3 c5 19. Bxc5 bxc5 20. Qxa5 Ne4
21. f3 Kh8 22. Ree1 cxd4 23. cxd4 Nf6 24. Qa4 Kg8 25. Re2 Re7 26. Rfe1 h6 27.
Qc2 Qf4 28. Qd3 Rfe8 29. Rb1 Qg5 30. Qd2 Qf5 31. Rbe1 Rc8 32. Nd3 Rxe2 33. Rxe2
Rc4 34. Ne5 Rc7 35. Qb2 Kh7 36. Re1 h5 37. Rc1 Rxc1+ 38. Qxc1 Kg8 39. h4 Kh7
40. a4 Nd7 41. Qc7 Nf6 42. Nf7 Qd3 43. Ng5+ Kg6 44. Qf7+ Kf5 45. Ne6 Qe3+ 46.
Kh2 1-0

[Event "2BLS 1718 SC Böblingen - FB Mörlenbac"]
[Site "?"]
[Date "2018.02.03"]
[Round "7.5"]
[White "Boehmer, Christian"]
[Black "Schuh, Karsten"]
[Result "1/2-1/2"]
[WhiteElo "2169"]
[BlackElo "2205"]
[PlyCount "108"]
[EventDate "2018.??.??"]

1. d4 e6 2. Nf3 f5 3. c4 Nf6 4. Nc3 Bb4 5. g3 b6 6. Bg2 Bb7 7. O-O O-O 8. Qb3
Qe7 9. Nb5 Na6 10. a3 Bd6 11. Qd1 Rfc8 12. b4 Qf8 13. c5 Be7 14. Nc3 Ne4 15.
Nxe4 Bxe4 16. Ne5 Bxg2 17. Kxg2 Nb8 18. Qb3 Bf6 19. Nf3 bxc5 20. bxc5 Nc6 21.
Qc4 Ne7 22. Bg5 Bxg5 23. Nxg5 Nd5 24. c6 Qd6 25. cxd7 Qxd7 26. Rac1 Qe7 27. e4
fxe4 28. Nxe4 Qxa3 29. Nc5 a5 30. Nxe6 Qd6 31. Nf4 c6 32. Rfe1 Kh8 33. Nxd5
Qxd5+ 34. Qxd5 cxd5 35. Rxc8+ Rxc8 36. Ra1 Ra8 37. Kf3 a4 38. Ra3 Kg8 39. Kf4
Kf7 40. Ke5 Ra5 41. Kd6 g5 42. g4 Kf6 43. Kc6 Ke6 44. Kb6 Ra8 45. Kb5 Rf8 46.
f3 Rb8+ 47. Kxa4 Rb2 48. Rb3 Rxh2 49. Rb6+ Ke7 50. Kb5 Rh3 51. Kc5 Rxf3 52.
Rb7+ Ke6 53. Rb6+ Kf7 54. Kxd5 Rf4 1/2-1/2

[Event "2BLS 1718 SC Böblingen - FB Mörlenbac"]
[Site "?"]
[Date "2018.02.03"]
[Round "7.6"]
[White "Bauer, Peter"]
[Black "Klings, Peter"]
[Result "1/2-1/2"]
[WhiteElo "2210"]
[BlackElo "2162"]
[PlyCount "73"]
[EventDate "2018.??.??"]

1. e4 c6 2. d4 d5 3. Nd2 h6 4. Ngf3 dxe4 5. Nxe4 Bf5 6. Ng3 Bh7 7. Bd3 Bxd3 8.
Qxd3 Nf6 9. Bf4 e6 10. h4 Nbd7 11. a4 a5 12. O-O Nd5 13. Bd2 Be7 14. Rfe1 Nb4
15. Bxb4 axb4 16. h5 O-O 17. c4 bxc3 18. bxc3 Ra5 19. Qc2 Qc7 20. Nd2 Bh4 21.
Nc4 Rd5 22. Ne3 Rg5 23. Nef1 Bxg3 24. Nxg3 Nf6 25. Qe2 Ra8 26. c4 Qf4 27. Qb2
Rb8 28. a5 Nxh5 29. Re5 Rxe5 30. dxe5 Nxg3 31. a6 Qxc4 32. a7 Ra8 33. Qxb7 Ne2+
34. Kf1 Ng3+ 35. Kg1 Ne2+ 36. Kf1 Ng3+ 37. Kg1 1/2-1/2

[Event "2BLS 1718 SC Böblingen - FB Mörlenbac"]
[Site "?"]
[Date "2018.02.03"]
[Round "7.7"]
[White "Felgendreher, Heiko"]
[Black "Bathray, Johannes"]
[Result "1-0"]
[WhiteElo "2198"]
[BlackElo "2151"]
[PlyCount "131"]
[EventDate "2018.??.??"]

1. e4 c5 2. Nf3 Nc6 3. d4 cxd4 4. Nxd4 g6 5. Nc3 Bg7 6. Be3 Nf6 7. Bc4 O-O 8.
Bb3 d6 9. f3 Bd7 10. h4 Nxd4 11. Bxd4 b5 12. h5 a5 13. hxg6 hxg6 14. Nd5 a4 15.
Nxf6+ exf6 16. Bd5 Rc8 17. Qd2 Bc6 18. O-O-O Bxd5 19. exd5 Rc4 20. Kb1 Qc7 21.
g4 Rc8 22. Rh2 Rxd4 23. Qxd4 f5 24. Qb4 fxg4 25. Qxg4 a3 26. Re1 Bxb2 27. Re7
Qc3 28. Qh3 Kf8 29. Rhe2 Ba1 30. Qh6+ Qg7 31. Qxg7+ Bxg7 32. Rb7 Be5 33. Rxb5
g5 34. Re3 Ra8 35. Rbb3 Bb2 36. Rb7 Be5 37. Reb3 Kg7 38. Rb8 Ra4 39. R3b4 Ra7
40. R8b7 Ra8 41. Rb8 Ra7 42. c4 Kg6 43. Kc2 f5 44. R4b7 Rxb7 45. Rxb7 g4 46.
fxg4 fxg4 47. Kd3 g3 48. Ke2 Kf5 49. Kf3 g2 50. Rb1 Bd4 51. Kxg2 Ke4 52. Rd1
Bc5 53. Kg3 Ke3 54. Kg4 Ke2 55. Rb1 Kd3 56. Kf5 Kxc4 57. Ke6 Kc3 58. Kd7 Kc2
59. Rb3 Kd2 60. Kc6 Kc2 61. Kb5 Kd2 62. Kc4 Kc2 63. Rg3 Kd2 64. Rc3 Ke2 65. Kb3
Kd2 66. Rxc5 1-0

[Event "2BLS 1718 SC Böblingen - FB Mörlenbac"]
[Site "?"]
[Date "2018.02.03"]
[Round "7.8"]
[White "Schwab, Matthias"]
[Black "Schaefer, Michael"]
[Result "1/2-1/2"]
[WhiteElo "2144"]
[BlackElo "2157"]
[PlyCount "36"]
[EventDate "2018.??.??"]

1. Nf3 d5 2. d4 Nf6 3. c4 e6 4. Nc3 Be7 5. Bf4 O-O 6. e3 c5 7. dxc5 Bxc5 8. Be2
dxc4 9. Bxc4 a6 10. Qxd8 Rxd8 11. Ke2 b5 12. Bd3 Bb7 13. Rhd1 Nbd7 14. Rac1 Be7
15. Bb1 Rac8 16. Ng5 Nc5 17. Rxd8+ Bxd8 18. Nce4 Ncxe4 1/2-1/2

[Event "2BLS 1718 SC Emmendingen - SC Eppingen"]
[Site "?"]
[Date "2018.02.03"]
[Round "7.1"]
[White "Noe, Christopher"]
[Black "Sethuraman, S.P."]
[Result "0-1"]
[WhiteElo "2487"]
[BlackElo "2646"]
[PlyCount "108"]
[EventDate "2018.??.??"]

1. d4 d6 2. e4 g6 3. Nc3 Bg7 4. Be3 a6 5. a4 b6 6. Qd2 Bb7 7. f3 Nd7 8. h4 h5
9. Nh3 e6 10. Ng5 Ne7 11. Bc4 d5 12. Bd3 c5 13. exd5 cxd4 14. dxe6 Nc5 15.
exf7+ Kf8 16. Be4 dxe3 17. Qxe3 Bd4 18. Qe2 Bxc3+ 19. bxc3 Bc6 20. O-O Qd6 21.
Rad1 Qf6 22. a5 Kg7 23. Bxc6 Nxc6 24. axb6 Qxc3 25. Rd6 Rac8 26. Rb1 Qe5 27.
Qd2 Rhd8 28. Rd1 Rxd6 29. Qxd6 Qxd6 30. Rxd6 Nd8 31. Rd5 Nde6 32. c4 Rb8 33.
Rd6 Nxg5 34. hxg5 Rc8 35. b7 Nxb7 36. Rxa6 Nc5 37. Rf6 Nd7 38. Rd6 Nf8 39. Kf2
Rxc4 40. Ke3 Kxf7 41. Rf6+ Kg7 42. Ra6 Rc7 43. f4 Re7+ 44. Kf3 Ne6 45. Rd6 Kf7
46. g4 h4 47. Rd3 Ra7 48. f5 Nxg5+ 49. Kf4 Nh7 50. fxg6+ Kxg6 51. Rd6+ Nf6 52.
Rd4 Ra5 53. Rd8 Ra4+ 54. Kf3 Kg5 0-1

[Event "2BLS 1718 SC Emmendingen - SC Eppingen"]
[Site "?"]
[Date "2018.02.03"]
[Round "7.3"]
[White "Medvegy, Zoltan"]
[Black "Hera, Imre"]
[Result "1/2-1/2"]
[WhiteElo "2540"]
[BlackElo "2619"]
[PlyCount "38"]
[EventDate "2018.??.??"]

1. c4 c5 2. g3 Nc6 3. Bg2 g6 4. Nf3 Bg7 5. Nc3 e6 6. d3 Nge7 7. h4 h6 8. Bd2 b6
9. Rb1 Bb7 10. O-O O-O 11. Qc1 Kh7 12. a3 d6 13. b4 Qd7 14. e3 Rad8 15. Rd1 Qc8
16. Nb5 Qa8 17. Nc7 Qc8 18. Nb5 Qa8 19. Nc7 Qc8 1/2-1/2

[Event "2BLS 1718 SC Emmendingen - SC Eppingen"]
[Site "?"]
[Date "2018.02.03"]
[Round "7.4"]
[White "Baklan, Vladimir"]
[Black "Guliyev, Namig"]
[Result "1/2-1/2"]
[WhiteElo "2599"]
[BlackElo "2538"]
[PlyCount "42"]
[EventDate "2018.??.??"]

1. e4 e5 2. Nf3 Nf6 3. Nxe5 d6 4. Nf3 Nxe4 5. Nc3 Nf6 6. d4 Be7 7. Bd3 Bg4 8.
h3 Bh5 9. Bg5 Nc6 10. g4 Bg6 11. Bxf6 Bxf6 12. Nd5 O-O 13. c3 Re8+ 14. Kf1 Ne7
15. Nxf6+ gxf6 16. Nh4 Bxd3+ 17. Qxd3 Qd7 18. Kg2 Ng6 19. Nxg6 hxg6 20. Rhe1
Kg7 21. Qf3 c6 1/2-1/2